[Event "Abu Dhabi op 23rd"]
[Site "Abu Dhabi"]
[Date "2015.08.26"]
[Round "5"]
[White "Ezat, Mohamed Mahmoud"]
[Black "Severina, Maria"]
[Result "1/2-1/2"]
[WhiteElo "2476"]
[BlackElo "2276"]
[PlyCount "104"]
[EventDate "2015.08.23"]
[EventType "swiss"]
[EventRounds "9"]
[EventCountry "UAE"]
[SourceTitle "EXT 2016"]
[Source "ChessBase"]
[SourceDate "2015.10.08"]
[SourceVersion "1"]
[SourceVersionDate "2015.10.08"]
[SourceQuality "1"]

1. d4 Nf6 2. c4 e6 3. Nf3 b6 4. g3 Bb7 5. Bg2 Be7 6. 0-0 0-0 7. Re1 Na6 8. Ne5 Bxg2 9. Kxg2 c5 10. d5 Qc7 11. Nf3 exd5 12. cxd5 d6 13. Nc3 Rfe8 14. e4 Qb7 15. a3 b5 16. b4 Rac8 17. Qb3 cxb4 18. axb4 Rc4 19. Nd2 Rd4 20. Ra5 Rd3 21. Qa3 Qc8 22. Ndb1 Nb8 23. Rxa7 Bd8 24. Re3 Qc4 25. Qa2 Nbd7 26. Qe2 Rd4 27. Qxc4 Rxc4 28. Rb7 Ne5 29. Na3 Rxb4 30. Rxb5 Rd4 31. Rb8 Nfd7 32. Nab5 Nxb8 33. Nxd4 Bb6 34. Ncb5 Rc8 35. Ba3 Rc4 36. Bxd6 Ned7 37. Rd3 f6 38. f3 Na6 39. Ra3 Nac5 40. Ra8+ Kf7 41. Rc8 Ra4 42. Nf5 Ra2+ 43. Kf1 Nd3 44. Nfd4 Rf2+ 45. Kg1 Rb2 46. Kh1 Nf2+ 47. Kg1 Nxe4 48. Bc7 Bc5 49. Bd6 Bb6 50. fxe4 Rxb5 51. Rc4 Ne5 52. Ra4 Bxd4+ 1/2-1/2

[Event "Nezhmetdinov Memorial 37th"]
[Site "Kazan"]
[Date "2015.06.05"]
[Round "6"]
[White "Severina, Maria"]
[Black "Ambartsumova, Karina"]
[Result "1-0"]
[WhiteElo "2212"]
[BlackElo "2331"]
[PlyCount "79"]
[EventDate "2015.05.31"]
[EventType "swiss"]
[EventRounds "9"]
[EventCountry "RUS"]
[SourceTitle "CBM 166 Extra"]
[Source "ChessBase"]
[SourceDate "2015.06.18"]
[SourceVersion "1"]
[SourceVersionDate "2015.06.18"]
[SourceQuality "1"]

1. Nf3 f5 2. d4 Nf6 3. c4 d6 4. Nc3 g6 5. g3 Bg7 6. Bg2 0-0 7. 0-0 c6 8. b3 a5 9. Bb2 Na6 10. Rc1 Bd7 11. Re1 Qc7 12. d5 e5 13. dxe6 Bxe6 14. Qd2 Rad8 15. Nd5 Bxd5 16. Bxf6 Bxf6 17. cxd5 Qb6 18. Ng5 Nc5 19. h4 Rfe8 20. dxc6 bxc6 21. Qc2 Kg7 22. e3 Qb5 23. Red1 Re7 24. Qc4 Qb6 25. Kh2 h6 26. Nh3 g5 27. hxg5 hxg5 28. Qc2 Re5 29. f4 Rxe3 30. Qxf5 gxf4 31. Qxf4 Re5 32. Rf1 Rf8 33. Qg4+ Kh7 34. Rc4 d5 35. Rcf4 Rg8 36. Qf3 Ne4 37. Rxe4 dxe4 38. Qxf6 Qc5 39. Rf4 e3 40. Rh4+ 1-0